000 00829nac a22002417a 4500
001 BR7500083
003 BR-BrBNA
005 20240105113825.0
008 230509b bl.|||m| |||| 00| 0 por d
040 _aBR-BrBNA
_bpor
_cBiblioteca Nacional de Agricultura
072 _aE10
090 _aE10 BR7500083
110 1 _aSuperintendencia da Agricultura e Producao, Aracaju, SE (Brasil)
_910012
245 1 _aPlano estadual de aplicacao do credito rural - PESAC 1974 [Sergipe; Brasil]
260 3 _aAracaju, SE (Brasil):
_c1974.
300 _a58 p.
490 _aPlano Estadual de Aplicacao do Credito Rural - Superintendencia da Agricultura e Producao (Brazil)
_v
_x
650 _aMacroeconomia
650 _aCredito rural
650 _aSergipe
909 _a202312
_bLúcia Elande
_c55
_dLúcia Elande
942 _2AGRIS
_n0
_cMS
999 _c265787
_d265787